| 000 | 00357nam a22001337a 4500 | ||
|---|---|---|---|
| 999 |
_c508240 _d508240 |
||
| 020 | _a9789350025789 | ||
| 082 | _aT41x54 K113b | ||
| 100 |
_aKamal Nayan Kabra _93437 |
||
| 245 |
_aBlack economy in India _cKabra, Kamal Nayan |
||
| 260 |
_aDelhi _bAakar Books _c2019 |
||
| 300 | _a286p. | ||
| 650 |
_aBlack market -- India _93505 |
||
| 650 |
_aBlack market _93506 |
||